Organisational Behaviour / (Record no. 41149)
[ view plain ]
| 000 -LEADER | |
|---|---|
| fixed length control field | 00706nam a22002057a 4500 |
| 005 - DATE AND TIME OF LATEST TRANSACTION | |
| control field | 20100811155836.0 |
| 010 ## - LCCN (DPL NO) | |
| LC control number | ENG-99625 |
| 020 ## - INTERNATIONAL STANDARD BOOK NUMBER | |
| International Standard Book Number | 9789380342139 |
| Terms of availability | 120.00 |
| 035 ## - SYSTEM CONTROL NUMBER | |
| System control number | EN-83157 |
| 037 ## - SOURCE OF ACQUISITION | |
| Source of stock number/acquisition | DBAD/PUB |
| 082 ## - DEWEY DECIMAL CLASSIFICATION NUMBER | |
| Classification number | 658.1 |
| 100 ## - MAIN ENTRY--PERSONAL NAME | |
| Personal name | Mary, Francis J. |
| 245 ## - TITLE STATEMENT | |
| Title | Organisational Behaviour / |
| Statement of responsibility, etc | by J. Francis Mary |
| 260 ## - PUBLICATION, DISTRIBUTION, ETC. (IMPRINT) | |
| Place of publication, distribution, etc | Thanjavur |
| Name of publisher, distributor, etc | Akaram |
| Date of publication, distribution, etc | 2009 |
| 270 ## - ADDRESS | |
| Address | Plot No.1, Nirmala Nagar |
| City | Thanjavur |
| Postal code | 613007 |
| 300 ## - PHYSICAL DESCRIPTION | |
| Extent | 182p. |
| Dimensions | 20cm (pbk) |
| 650 ## - SUBJECT ADDED ENTRY--TOPICAL TERM | |
| Topical term or geographic name as entry element | Organisational behaviour |
| 942 ## - ADDED ENTRY ELEMENTS (KOHA) | |
| Source of classification or shelving scheme | Dewey Decimal Classification |
| Item type | English Books |
| Classification part | 658.1 |
| Call number suffix | MAR |
| Withdrawn status | Lost status | Not for loan | Collection code | Home library | Current library | Date acquired | Source of acquisition | Cost, normal purchase price | Full call number | Barcode | Copy number | Cost, replacement price | Koha item type |
|---|---|---|---|---|---|---|---|---|---|---|---|---|---|
| Withdrawn | Non-fiction | Ashok Vihar | Ashok Vihar | 11/08/2010 | DBAD/PUB | 120.00 | 658.1 MAR | EN-83157 | 1 | 120.00 | English Books |
